00795nam a22002297a 450000500170000001000130001702000230003003500130005303700160006604000120008208200170009410000290011124500580014026000430019827000370024130000370027865000300031565000450034594200260039099900190041695201300043520170124110050.0 aA-902798 c150.00a8170143438 aA-902798 bCen Lib/Ret aDPLbEN a658.404bRAO aRao, P. C. Kesava925222 aProject management and control /cby P. C. Kesava Rao aNew DelhibSultan Chand and Sonsc1998 a23, DaryaganjbNew Delhie110002 aVarious paging. :c21cmHb)bill. aProject management921347 aConstruction industry--Management925223 2ddccENh658.404mRAO c129049d129049 00104070aLbLd2015-07-04eCen Lib/Ret g150.00l0o658.404 RAOpA-902798r2015-07-04 00:00:00t1v150.00w2015-07-04yEN